Statistics for Cities by Proposed Skyscraper

Click here to take the quiz!

General Stats

  • This quiz has been taken 3 times
  • The average score is 6 of 8

Answer Stats

Answer% Correct
Chicago
100%
Mexico City
100%
Newark
100%
San Francisco
100%
Jeddah
67%
Malmö
67%
Dubai
33%
Oklahoma City
33%

Score Distribution

Percentile by Number Answered

Percent of People with Each Score

Your Score History

You have not taken this quiz